Estadísticas para Países Bombardeados por EE. UU. desde la Segunda Guerra Mundial

Haz click aquí para tomar la prueba!

Estadísticas generales

  • Esta prueba ha sido tomada 1.114 veces
  • La puntuación promedio es 11 de 17

Estadísticas de respuestas

DecadasPaís% Correcto
1990, 2000, 2010Irak
98%
2010Siria
92%
1990, 2000, 2010Afganistán
90%
1960, 1970Vietnam del Norte
88%
1950Corea del Norte
81%
2000, 2010Pakistán
76%
1980, 2010Libia
70%
2000s, 2010Yemen
64%
1960, 1970Laos
63%
1960, 1970Camboya
62%
1960Cuba
62%
1980Líbano
61%
2010Somalia
54%
1990Sudán
48%
1990Serbia y
Montenegro
44%
1980, 1990Panamá
30%
1980Granada
24%

Distribución de puntuación

Porcentaje por número respondido

Porcentaje de gente con cada puntuación

Historial de tus puntuaciones

No has tomado esta prueba